Places in Lancashire - sudden death - Statistics

General Stats
  • This quiz has been taken 71 times
  • The average score is 10 of 25
Answers on the Grid
Answers color-coded by a green-red scale on the quiz's grid according to % correct below.
Preston
Blackburn
Birmingham
Oxford
Bristol
The North Downs
Aberdeen
Lancaster
Manchester
Turf Moor
Morecambe
The midpoint of Great Britain
Burnley
Ipswich
Bingley
Leyland
Blackpool
Southport
A university
Bradford
The Pennines
Chorley
Wigan
Knutsford Services
Heysham
Royal Birkdale
Deepdale Stadium
Warrington
Pleasure Beach
Colne
Birkenhead
Bolton
Accrington
Nelson
Hoylake
The M6/M62 junction
Poulton-le-Fylde
A vineyard
Charnock Richard
St. Helens
Royal Lytham & St Annes
Bloomfield Road
Bury
Newton-le-Willows
Carnforth
Widnes
Ormskirk
Skelmersdale
 
Answer Stats
Answer % Correct
Preston
94%
Blackburn
89%
Lancaster
89%
Blackpool
74%
Burnley
71%
Morecambe
71%
Leyland
57%
A university
54%
Burnley's stadium Turf Moor
49%
Chorley
43%
Pleasure Beach
31%
Nelson
26%
The Pennines
26%
Accrington
23%
Colne
23%
Heysham
20%
Ormskirk
20%
Poulton-le-Fylde
20%
Preston Deepdale Stadium
17%
Royal Lytham & St Annes
14%
The midpoint of Great Britain
14%
Carnforth
11%
Skelmersdale
11%
Blackpool's ground Bloomfield Road
9%
Charnock Richard
9%
No matching quizzes found
Score Distribution
Percent of People with Each Score
Percentile by Number Answered
Your Score History
You have not taken this quiz